书目信息 |
| 题名: |
语言风格学
|
|
| 作者: | 程祥徽 , 邓骏捷 , 张剑桦 著 | |
| 分册: | ||
| 出版信息: | 南宁 广西教育出版社 2000 |
|
| 页数: | 129页 | |
| 开本: | 21cm | |
| 丛书名: | 语义·语用·修辞丛书 | |
| 单 册: | ||
| 中图分类: | H051 | |
| 科图分类: | ||
| 主题词: | 风格学 | |
| 电子资源: | ||
| ISBN: | 7-5435-3036-8 | |
| 000 | 00844oam2 2200265 450 | |
| 001 | 1231525421 | |
| 005 | 20121016084555.09 | |
| 010 | @a7-5435-3036-8@dCNY8.00 | |
| 100 | @a20050620d2000 em y0chiy0110 ea | |
| 101 | 0 | @achi |
| 102 | @aCN@b450000 | |
| 105 | @ay z 000yy | |
| 200 | 1 | @a语言风格学@Ayu yan feng ge xue@f程祥徽, 邓骏捷, 张剑桦著 |
| 210 | @a南宁@c广西教育出版社@d2000 | |
| 215 | @a129页@d21cm | |
| 225 | 2 | @a语义·语用·修辞丛书 |
| 330 | @a本书分4章12节,从语言学研究的理论高度,详尽地阐述了风格学的渊源、学术含义、研究对象、风格学研究语言的方法论等。 | |
| 461 | 0 | @12001 @a语义·语用·修辞丛书 |
| 606 | 0 | @a风格学 |
| 690 | @aH051@v4 | |
| 701 | 0 | @a程祥徽@Acheng xiang hui@4著 |
| 701 | 0 | @a邓骏捷@Adeng jun jie@4著 |
| 701 | 0 | @a张剑桦@Azhang jian hua@4著 |
| 801 | 0 | @aCN@bNLC@c20101222 |
| 905 | @a10447@dH051@eJY90 | |
| 语言风格学/程祥徽, 邓骏捷, 张剑桦著.-南宁:广西教育出版社,2000 |
| 129页;21cm.-(语义·语用·修辞丛书) |
| ISBN 7-5435-3036-8:CNY8.00 |
| 本书分4章12节,从语言学研究的理论高度,详尽地阐述了风格学的渊源、学术含义、研究对象、风格学研究语言的方法论等。 |
| ● |
| 相关链接 |
|
|
|
|
正题名:语言风格学
索取号:H051/JY90
 
预约/预借
| 序号 | 登录号 | 条形码 | 馆藏地/架位号 | 状态 | 备注 |
| 1 | 7829012 | 278290127 | 学院路分馆/ [索取号:H051/JY90] | 在馆 | |
| 2 | 7829013 | 278290136 | 学院路分馆/ [索取号:H051/JY90] | 在馆 | |
| 3 | 7829014 | 278290145 | 学院路分馆/ [索取号:H051/JY90] | 在馆 |